000 00458nam a2200169 i 4500
001 80144
003 ES-MaACL
005 20230906174135.0
007 t|
008 041026s1923 fr ||||1| fre d
245 0 0 _aHistoires juives /
_crecueillies par Raymond Geiger.
250 _a52eme ed.
260 _aParis :
_b[s.n.,
_c1923] (
_eLagny :
_fE. Grevin)
300 _a216 p. ;
_c19 cm.
700 1 _aGeiger, Raymond.
_956216
852 _aES-MaACL
_jA-3938
999 _c80144
_d80144